[Event "Wuerttemberg-chT Rapid"]
[Site "Boeblingen"]
[Date "2024.04.13"]
[Round "5.3"]
[White "Kocharin, Timur"]
[Black "Schulze, Andreas"]
[Result "0-1"]
[WhiteElo "2250"]
[BlackElo "2080"]
[PlyCount "126"]
[EventDate "2024.04.13"]
[EventType "team-tourn"]
[EventRounds "9"]
[EventCountry "GER"]
[SourceTitle "CB17_2024"]
[SourceDate "2024.04.24"]
[SourceVersion "1"]
[SourceVersionDate "2024.04.24"]
[SourceQuality "1"]

1. d4 Nf6 2. Bf4 d5 3. e3 c5 4. c3 Nc6 5. Nf3 e6 6. Bd3 Be7 7. Nbd2 Nh5 8. Bg3 Nxg3 9. hxg3 h6 10. Qe2 Qc7 11. dxc5 Bxc5 12. e4 dxe4 13. Nxe4 Be7 14. 0-0-0 Bd7 15. Kb1 0-0-0 16. g4 g6 17. Qe3 f5 18. gxf5 exf5 19. Ned2 g5 20. Nc4 g4 21. Nd4 Bg5 22. Qe2 Nxd4 23. cxd4 Kb8 24. Ne5 Rhe8 25. Qc2 Qxc2+ 26. Bxc2 Be6 27. Rhe1 Bc8 28. Ba4 Re7 29. Bb3 Bf6 30. f4 gxf3 31. gxf3 Bxe5 32. dxe5 Rxd1+ 33. Bxd1 f4 34. Bc2 h5 35. Re4 h4 36. Rxf4 h3 37. Rh4 Rxe5 38. Be4 Rg5 39. Rh8 Kc7 40. Kc2 Rg2+ 41. Kc3 h2 42. a3 b6 43. b3 Be6 44. Rh6 Kd7 45. Rh7+ Kd6 46. Rh5 a5 47. a4 Rf2 48. Bb7 Bf7 49. Rh4 Bg6 50. Rh6 Ke7 51. f4 Kf7 52. f5 Bxf5 53. Rxb6 Rc2+ 54. Kd4 Be6 55. Be4 Rb2 56. b4 axb4 57. a5 b3 58. a6 Ra2 59. Rb7+ Kf6 60. a7 Ra4+ 61. Kd3 Bf5 62. Rb6+ Ke7 63. Rb7+ Kd6 0-1

[Event "Wuerttemberg-chT Rapid"]
[Site "Boeblingen"]
[Date "2024.04.13"]
[Round "3.7"]
[White "Schulze, Andreas"]
[Black "Schuh, Karsten"]
[Result "1-0"]
[WhiteElo "2080"]
[BlackElo "2133"]
[PlyCount "101"]
[EventDate "2024.04.13"]
[EventType "team-tourn"]
[EventRounds "9"]
[EventCountry "GER"]
[SourceTitle "CB17_2024"]
[SourceDate "2024.04.24"]
[SourceVersion "1"]
[SourceVersionDate "2024.04.24"]
[SourceQuality "1"]

1. e4 c5 2. Nf3 Nc6 3. d4 cxd4 4. Nxd4 Qc7 5. Nc3 e6 6. Be2 a6 7. Be3 Nf6 8. 0-0 Bb4 9. Bf3 0-0 10. Nxc6 bxc6 11. Ne2 Bd6 12. Kh1 Be5 13. c3 Rb8 14. Qc2 d5 15. exd5 cxd5 16. Bd4 Bxd4 17. Nxd4 e5 18. Nb3 e4 19. Be2 Bg4 20. h3 Bxe2 21. Qxe2 Qb6 22. Rad1 Rfe8 23. Qe3 Qxe3 24. fxe3 a5 25. Rd2 a4 26. Nd4 Rec8 27. a3 Rb6 28. g4 h6 29. Rff2 Rcb8 30. Kg2 Nd7 31. Nf5 Ne5 32. Ne7+ Kf8 33. Nxd5 Rd6 34. Nb4 Rxd2 35. Rxd2 Nc4 36. Rd4 Nxb2 37. Rxe4 Nd1 38. Nd5 Rb2+ 39. Kf3 g6 40. Rxa4 Rh2 41. Kg3 Rc2 42. Rc4 Nb2 43. Rc8+ Kg7 44. h4 g5 45. Ne7 gxh4+ 46. Kxh4 Nd1 47. Nf5+ Kf6 48. a4 Nxc3 49. Nd6 Rh2+ 50. Kg3 Rc2 51. Rxc3 1-0

[Event "Wuerttemberg-chT Rapid"]
[Site "Boeblingen"]
[Date "2024.04.13"]
[Round "9.19"]
[White "Sulzbacher, Kurt"]
[Black "Schulze, Andreas"]
[Result "1/2-1/2"]
[WhiteElo "1976"]
[BlackElo "2080"]
[PlyCount "118"]
[EventDate "2024.04.13"]
[EventType "team-tourn"]
[EventRounds "9"]
[EventCountry "GER"]
[SourceTitle "CB17_2024"]
[SourceDate "2024.04.24"]
[SourceVersion "1"]
[SourceVersionDate "2024.04.24"]
[SourceQuality "1"]

1. e4 c5 2. Nf3 d6 3. d4 cxd4 4. Nxd4 Nf6 5. Nc3 g6 6. Be2 Bg7 7. Be3 0-0 8. 0-0 Nc6 9. Nb3 a6 10. a4 Be6 11. f4 Qd7 12. Kh1 Rac8 13. Bf3 Bc4 14. Re1 e5 15. Qd2 Rfd8 16. Rad1 Ng4 17. Bb6 Bxb3 18. Bxd8 Rxd8 19. cxb3 Nd4 20. Bxg4 Qxg4 21. Ne2 Nxb3 22. Qb4 Nc5 23. Nc3 exf4 24. Rf1 Be5 25. Nd5 Qh4 26. Rd2 f3 27. gxf3 Qh3 28. Rg2 Bxh2 29. Rd1 Be5+ 30. Kg1 Qxf3 31. Rf1 Qxe4 32. Qxe4 Nxe4 33. Rc2 Rd7 34. b4 Kg7 35. Kg2 f5 36. Nb6 Rf7 37. Rfc1 f4 38. Rc7 f3+ 39. Kh3 Rxc7 40. Rxc7+ Kh6 41. Nd5 Kg5 42. Rxb7 Nd2 43. Rf7 Bd4 44. Kg3 f2 45. Rxf2 Bxf2+ 46. Kxf2 Kf5 47. b5 axb5 48. a5 Ne4+ 49. Ke3 Nc5 50. Nc7 h5 51. Nxb5 Ke5 52. Nc3 d5 53. Ne2 Kd6 54. Nf4 Kc6 55. Nxg6 Kb5 56. Nf4 h4 57. Nxd5 Kxa5 58. Kf3 Ne6 59. Kg4 Kb5 1/2-1/2

[Event "GER-ch Seniors 50 34th"]
[Site "Magdeburg"]
[Date "2022.08.13"]
[Round "2"]
[White "Schulze, Andreas"]
[Black "Pirrot, Dieter"]
[Result "1/2-1/2"]
[WhiteElo "2082"]
[BlackElo "2328"]
[PlyCount "81"]
[EventDate "2022.08.12"]
[EventType "swiss"]
[EventRounds "9"]
[EventCountry "GER"]
[SourceTitle "CBM 209 Extra"]
[Source "ChessBase"]
[SourceDate "2022.09.30"]
[SourceVersion "1"]
[SourceVersionDate "2022.09.30"]
[SourceQuality "1"]

1. e4 e5 2. Nf3 d6 3. d4 Nf6 4. Nc3 Nbd7 5. Bc4 Be7 6. a4 0-0 7. h3 exd4 8. Qxd4 Nc5 9. 0-0 Nfd7 10. Nd5 Nb6 11. Nxe7+ Qxe7 12. Bd3 a5 13. Re1 f6 14. Bd2 Bd7 15. b3 Rfe8 16. Nh2 Bc6 17. f3 Nxd3 18. Qxd3 Qf7 19. Bc3 Nd7 20. Rad1 b6 21. Ng4 Nc5 22. Qd2 Rad8 23. Ne3 Re6 24. Bb2 Rde8 25. Qf2 Qg6 26. Nf5 d5 27. exd5 Bxd5 28. Rxe6 Bxe6 29. Ng3 Bxb3 30. cxb3 Nd3 31. Rxd3 Qxd3 32. Ne4 Rd8 33. Bc3 Qb1+ 34. Kh2 Rd1 35. Qe3 Qxb3 36. Nd6 h6 37. Qe8+ Kh7 38. Qe4+ Kg8 39. Qe8+ Kh7 40. Qe4+ Kg8 41. Qe8+ 1/2-1/2

[Event "GER-ch Seniors 50 31st"]
[Site "Radebeul"]
[Date "2019.04.29"]
[Round "4"]
[White "Redzepovic, Irfan"]
[Black "Schulze, Andreas"]
[Result "0-1"]
[WhiteElo "2075"]
[BlackElo "2135"]
[PlyCount "84"]
[EventDate "2019.04.26"]
[EventType "swiss"]
[EventRounds "9"]
[EventCountry "GER"]
[SourceTitle "CBM 190 Extra"]
[Source "ChessBase"]
[SourceDate "2019.07.15"]
[SourceVersion "1"]
[SourceVersionDate "2019.07.15"]
[SourceQuality "1"]

1. d4 f5 2. e4 fxe4 3. Nc3 Nf6 4. Bg5 Nc6 5. d5 Ne5 6. Qe2 Nf7 7. Bh4 Nd6 8. f3 e3 9. 0-0-0 g6 10. g4 Bg7 11. Qxe3 0-0 12. Bg5 Re8 13. h4 Nf7 14. Bc4 d6 15. Nh3 a6 16. Nf4 b5 17. Bb3 Ne5 18. Nfe2 a5 19. a4 Bd7 20. axb5 a4 21. Ba2 a3 22. b4 Rf8 23. Rdg1 Qe8 24. Nd4 Qf7 25. Nc6 h6 26. Nxe5 dxe5 27. Bxh6 e4 28. Bxg7 Qxg7 29. h5 g5 30. h6 Qg6 31. h7+ Kh8 32. fxe4 Nxg4 33. Qd2 Qg7 34. Rh5 Rf6 35. Rd1 Ne5 36. Qd4 Bg4 37. Rhh1 Bxd1 38. Kxd1 Raf8 39. d6 exd6 40. b6 Rf1+ 41. Rxf1 Rxf1+ 42. Ke2 Re1+ 0-1

[Event "Oberliga Wuerttemberg 1819"]
[Site "Wuerttemberg"]
[Date "2018.10.14"]
[Round "2"]
[White "Schulze, Andreas"]
[Black "Kaufmann, Thorsten"]
[Result "1-0"]
[WhiteElo "2152"]
[BlackElo "2085"]
[PlyCount "115"]
[EventDate "2018.09.23"]
[EventType "team-tourn"]
[EventRounds "9"]
[EventCountry "GER"]
[SourceTitle "EXT 2020"]
[Source "ChessBase"]
[SourceDate "2019.10.17"]
[SourceVersion "1"]
[SourceVersionDate "2019.10.17"]
[SourceQuality "1"]
[WhiteTeam "Biberach"]
[BlackTeam "Sontheim/Brenz"]
[WhiteTeamCountry "GER"]
[BlackTeamCountry "GER"]

1. e4 c5 2. Nf3 e6 3. d4 cxd4 4. Nxd4 Nf6 5. Bd3 Nc6 6. Be3 a6 7. Nxc6 dxc6 8. a4 e5 9. h3 Be6 10. 0-0 b5 11. Qd2 Be7 12. Qc3 0-0 13. Qxe5 Nd7 14. Qc3 Bf6 15. Bd4 Bxd4 16. Qxd4 c5 17. Qe3 c4 18. Be2 b4 19. Nd2 Qc7 20. f4 f6 21. Nf3 Qc5 22. Nd4 Rfe8 23. Qf2 Bf7 24. Bf3 Rad8 25. c3 a5 26. g4 Qc7 27. e5 fxe5 28. Nc6 Rc8 29. Rae1 e4 30. Rxe4 Rxe4 31. Bxe4 Nf6 32. Bg2 Bd5 33. Ne5 Qc5 34. Qxc5 Rxc5 35. Rd1 h6 36. g5 hxg5 37. Bxd5+ Rxd5 38. Rxd5 Nxd5 39. cxb4 axb4 40. Nxc4 gxf4 41. Kf2 Kf7 42. Kf3 g5 43. Ke4 Ke6 44. Nd2 Ne3 45. Nf3 Nc4 46. Nxg5+ Kf6 47. Kxf4 Nxb2 48. Ne4+ Ke7 49. a5 Kd7 50. h4 Nd3+ 51. Kf5 b3 52. h5 b2 53. Nc3 Nb4 54. h6 Nd5 55. Nb1 Ne7+ 56. Kg5 Nc6 57. a6 Kc7 58. Kf6 1-0

[Event "Riga Tech op 8th"]
[Site "Riga"]
[Date "2018.08.06"]
[Round "1"]
[White "Schulze, Andreas"]
[Black "Bluebaum, Matthias"]
[Result "0-1"]
[WhiteElo "2209"]
[BlackElo "2637"]
[PlyCount "70"]
[EventDate "2018.08.06"]
[EventType "swiss"]
[EventRounds "9"]
[EventCountry "LAT"]
[SourceTitle "CBM 185 Extra"]
[Source "ChessBase"]
[SourceDate "2018.07.29"]
[SourceVersion "1"]
[SourceVersionDate "2018.07.29"]
[SourceQuality "1"]

1. e4 e6 2. d4 d5 3. exd5 exd5 4. Bd3 Nc6 5. c3 Bd6 6. Ne2 Nge7 7. Bg5 Bg4 8. Qc2 Qd7 9. Nd2 h6 10. Bh4 Nf5 11. Bg3 Nxg3 12. hxg3 0-0-0 13. Nf1 Ne7 14. Ne3 Be6 15. Nf4 Kb8 16. 0-0-0 c5 17. Nxe6 fxe6 18. dxc5 Bxc5 19. Ng4 Qc7 20. Rhe1 Rd6 21. Re2 Rc8 22. Rde1 h5 23. Ne5 Nc6 24. Nxc6+ Qxc6 25. f3 Bd4 26. Kb1 Bf6 27. f4 a6 28. Rh1 Qb6 29. Qb3 Qa5 30. Qb4 Qd8 31. Rc1 Rb6 32. Qa3 Qd7 33. Qa5 Ka7 34. a4 Bd8 35. Bb5 Rxb5 0-1

[Event "Oberliga Wuerttemberg 1718"]
[Site "Wuerttemberg"]
[Date "2018.04.22"]
[Round "9.21"]
[White "Hofmann, Martin"]
[Black "Schulze, Andreas"]
[Result "0-1"]
[WhiteElo "2219"]
[BlackElo "2198"]
[PlyCount "79"]
[EventDate "2017.09.17"]
[EventType "team-tourn"]
[EventRounds "9"]
[EventCountry "GER"]
[SourceTitle "EXT 2019"]
[Source "ChessBase"]
[SourceDate "2018.10.10"]
[SourceVersion "1"]
[SourceVersionDate "2018.10.10"]
[SourceQuality "1"]
[WhiteTeam "Stuttgart SF"]
[BlackTeam "Biberach"]
[WhiteTeamCountry "GER"]
[BlackTeamCountry "GER"]

1. Nf3 d5 2. d4 Nf6 3. c4 g6 4. cxd5 Nxd5 5. e4 Nb6 6. h3 Bg7 7. Nc3 0-0 8. Be2 Nc6 9. Be3 e5 10. d5 Ne7 11. a4 Bd7 12. a5 Nbc8 13. Nd2 Nd6 14. Nc4 Nec8 15. Nd2 f5 16. f3 Bh6 17. Bf2 Qg5 18. exf5 Nxf5 19. g4 Ne3 20. Qb3 Ng2+ 21. Kf1 Qxd2 22. Kxg2 Nd6 23. Rad1 Qg5 24. h4 Qe7 25. g5 Bg7 26. Ne4 Bf5 27. Bd3 Kh8 28. Be3 Bxe4 29. fxe4 Qd7 30. Kg3 Rf7 31. Rdf1 Raf8 32. Qd1 Rxf1 33. Rxf1 Rxf1 34. Qxf1 Qa4 35. Qh3 Qb3 36. Qd7 Bf8 37. Qd8 Kg8 38. Qd7 Qxd3 39. Qe6+ Nf7 40. Kf3 0-1

[Event "Staufer op-A 30th"]
[Site "Schwaebisch Gmuend"]
[Date "2018.01.05"]
[Round "7"]
[White "Schulze, Andreas"]
[Black "Sanati, Charlotte"]
[Result "1/2-1/2"]
[WhiteElo "2214"]
[BlackElo "2065"]
[PlyCount "92"]
[EventDate "2018.01.02"]
[EventType "swiss"]
[EventRounds "9"]
[EventCountry "GER"]
[SourceTitle "CBM 182 Extra"]
[Source "ChessBase"]
[SourceDate "2018.02.23"]
[SourceVersion "1"]
[SourceVersionDate "2018.02.23"]
[SourceQuality "1"]

1. e4 c5 2. Nf3 d6 3. Bb5+ Nd7 4. d4 Ngf6 5. Nc3 a6 6. Bxd7+ Nxd7 7. Bg5 cxd4 8. Qxd4 e5 9. Qc4 Nf6 10. Nd5 Be6 11. Nc7+ Ke7 12. Nxe6 fxe6 13. 0-0-0 Rc8 14. Qb3 Qc7 15. Rd3 Kf7 16. Rhd1 Be7 17. Bxf6 gxf6 18. Nd2 b5 19. Rc3 Qa5 20. Rxc8 Rxc8 21. Kb1 Qb6 22. Qf3 Ke8 23. Nf1 Rc4 24. Ne3 Rd4 25. c3 Rxd1+ 26. Qxd1 Kd7 27. a3 a5 28. b4 axb4 29. axb4 Qc6 30. Qd3 Kc7 31. Kc1 Qa6 32. Kd2 Qa2+ 33. Ke1 Kc6 34. g3 Bd8 35. c4 bxc4 36. Nxc4 Qa1+ 37. Ke2 Qd4 38. Qc2 Kb7 39. Na5+ Bxa5 40. bxa5 Qb4 41. a6+ Kxa6 42. Qc6+ Ka7 43. Kf1 d5 44. Qc7+ Ka6 45. Qc6+ Ka7 46. Qc7+ Ka6 1/2-1/2

[Event "Oberliga Wuerttemberg 1617"]
[Site "Wuerttemberg"]
[Date "2017.02.05"]
[Round "7.7"]
[White "Geshnizjani, Ramin Tobias"]
[Black "Schulze, Andreas"]
[Result "0-1"]
[WhiteElo "2114"]
[BlackElo "2202"]
[PlyCount "102"]
[EventDate "2016.09.25"]
[EventType "team-tourn"]
[EventRounds "11"]
[EventCountry "GER"]
[SourceTitle "EXT 2019"]
[Source "ChessBase"]
[SourceDate "2018.10.10"]
[SourceVersion "1"]
[SourceVersionDate "2018.10.10"]
[SourceQuality "1"]
[WhiteTeam "Heilbronn"]
[BlackTeam "Biberach"]
[WhiteTeamCountry "GER"]
[BlackTeamCountry "GER"]

1. e4 Nf6 2. e5 Nd5 3. d4 d6 4. c4 Nb6 5. exd6 cxd6 6. Be3 g6 7. Nc3 Bg7 8. Rc1 0-0 9. Nf3 Bg4 10. b3 d5 11. c5 Nc8 12. Be2 Nc6 13. 0-0 e6 14. h3 Bxf3 15. Bxf3 N8e7 16. Ne2 Nf5 17. g4 Nxe3 18. fxe3 Bh6 19. Rc3 b6 20. Nf4 Bxf4 21. exf4 Qf6 22. cxb6 Nxd4 23. b7 Rab8 24. Rd3 Nxf3+ 25. Qxf3 Rxb7 26. f5 Rc8 27. fxg6 Qxg6 28. Rc3 Rbc7 29. Rxc7 Rxc7 30. Qf4 Rc8 31. Qe5 Qg7 32. Qf4 h6 33. Qa4 Qe5 34. Qf4 Qxf4 35. Rxf4 Rc1+ 36. Kg2 Rc2+ 37. Kg3 Rxa2 38. Rb4 Kg7 39. h4 Kf6 40. Rf4+ Kg6 41. h5+ Kg7 42. Rb4 Ra3 43. Kh4 a5 44. Rb8 d4 45. g5 d3 46. gxh6+ Kxh6 47. Rh8+ Kg7 48. Rb8 d2 49. Rd8 Rxb3 50. Rxd2 Rb4+ 51. Kg5 f6# 0-1

[Event "Staufer op 29th"]
[Site "Schwaebisch Gmuend"]
[Date "2017.01.02"]
[Round "2"]
[White "Schulze, Andreas"]
[Black "Karimi, Farhad"]
[Result "0-1"]
[WhiteElo "2206"]
[BlackElo "2093"]
[PlyCount "70"]
[EventDate "2017.01.02"]
[EventType "swiss"]
[EventRounds "9"]
[EventCountry "GER"]
[SourceTitle "CBM 176 Extra"]
[Source "ChessBase"]
[SourceDate "2017.03.02"]
[SourceVersion "1"]
[SourceVersionDate "2017.03.02"]
[SourceQuality "1"]

1. e4 c5 2. Nf3 Nc6 3. d4 cxd4 4. Nxd4 e5 5. Nb5 d6 6. N5a3 a6 7. Nc4 b5 8. Ne3 Nce7 9. c4 Nf6 10. Nc3 b4 11. Qa4+ Bd7 12. Qxb4 d5 13. cxd5 Nexd5 14. Qb3 Rb8 15. Nexd5 Rxb3 16. Nxf6+ Qxf6 17. axb3 Bc5 18. f3 0-0 19. Rxa6 Qd8 20. Bc4 Bc8 21. Ra4 Kh8 22. Bd5 Qh4+ 23. g3 Qh3 24. b4 Bd4 25. Ra8 Qg2 26. Rf1 Kg8 27. g4 Qc2 28. Ne2 Bd7 29. Ra5 Bb6 30. Bd2 Bxa5 31. bxa5 Bb5 32. Rg1 Qxb2 33. Nc3 Rc8 34. Nd1 Rc1 35. Rg2 Rb1 0-1

[Event "Forchheim op-A 13th"]
[Site "Forchheim"]
[Date "2014.10.04"]
[Round "4"]
[White "Braun, Michael1111"]
[Black "Schulze, Andreas"]
[Result "0-1"]
[WhiteElo "1970"]
[BlackElo "2239"]
[PlyCount "72"]
[EventDate "2014.10.03"]
[EventType "swiss"]
[EventRounds "5"]
[EventCountry "GER"]
[SourceTitle "EXT 2019"]
[Source "ChessBase"]
[SourceDate "2018.10.10"]
[SourceVersion "1"]
[SourceVersionDate "2018.10.10"]
[SourceQuality "1"]

1. d4 Nf6 2. c4 g6 3. g3 d5 4. Bg2 Bg7 5. cxd5 Nxd5 6. Nf3 0-0 7. 0-0 c5 8. e3 cxd4 9. Nxd4 Nc6 10. Nxc6 bxc6 11. Qc2 Qb6 12. Nd2 Ba6 13. Rd1 Rfd8 14. a3 Rab8 15. Rb1 Nxe3 16. fxe3 Qxe3+ 17. Kh1 Bd3 18. Qa4 Bxb1 19. Nxb1 Qe2 20. Rf1 Bxb2 21. Bh6 c5 22. Qf4 f6 23. Qc7 Rbc8 24. Qb7 c4 25. Nd2 Qh5 26. Be3 Qe5 27. Bf4 Qe6 28. Nf3 Bxa3 29. Re1 Qd7 30. Qa6 Bb4 31. Rb1 Bd6 32. Be3 c3 33. Nd4 Be5 34. Nc6 Qd6 35. Qxc8 Rxc8 36. Bd5+ Qxd5+ 0-1

[Event "Staufer op 26th"]
[Site "Schwaebisch Gmuend"]
[Date "2014.01.06"]
[Round "9"]
[White "Gibicar, Danijel"]
[Black "Schulze, Andreas"]
[Result "0-1"]
[WhiteElo "2162"]
[BlackElo "2256"]
[PlyCount "116"]
[EventDate "2014.01.02"]
[EventType "swiss"]
[EventRounds "9"]
[EventCountry "GER"]
[SourceTitle "CBM 158 Extra"]
[Source "ChessBase"]
[SourceDate "2014.02.28"]
[SourceVersion "1"]
[SourceVersionDate "2014.02.28"]
[SourceQuality "1"]

1. d4 Nf6 2. c4 g6 3. Nc3 d5 4. Bf4 Bg7 5. e3 c5 6. dxc5 Qa5 7. Rc1 dxc4 8. Bxc4 0-0 9. Nf3 Qxc5 10. Bb3 Nc6 11. 0-0 Qh5 12. Qe2 a6 13. Bc7 Na5 14. Bd1 Qc5 15. Be5 Nc6 16. Bd4 Qa5 17. Na4 Nxd4 18. exd4 e6 19. Bb3 Bd7 20. Nc3 Rac8 21. Ne5 Rfd8 22. Nxd7 Rxd7 23. d5 exd5 24. Nxd5 Rxc1 25. Nxf6+ Bxf6 26. Qe8+ Kg7 27. Qxd7 Rc7 28. Qd5 Qxd5 29. Bxd5 Bxb2 30. Rb1 b5 31. Kf1 Bd4 32. Bb3 a5 33. Bd1 Rc5 34. Be2 Rc2 35. Rd1 Bc5 36. Rd5 Rxa2 37. Bxb5 Rxf2+ 38. Ke1 Rc2 39. Bd3 Bb4+ 40. Kf1 Rd2 41. Rd4 Bc5 42. Rd5 a4 43. Bc4 Rxd5 44. Bxd5 f5 45. Ke2 Kf6 46. Ba2 Bg1 47. h3 Ke5 48. Kf3 Kd4 49. g4 fxg4+ 50. Kxg4 Be3 51. Kf3 Bc1 52. h4 Kc3 53. h5 g5 54. h6 Kb2 55. Bd5 a3 56. Kg4 a2 57. Bxa2 Kxa2 58. Kf5 Kb3 0-1

[Event "Staufer op 26th"]
[Site "Schwaebisch Gmuend"]
[Date "2014.01.05"]
[Round "7"]
[White "Schmidt, Martin5555"]
[Black "Schulze, Andreas"]
[Result "1/2-1/2"]
[WhiteElo "2076"]
[BlackElo "2256"]
[PlyCount "45"]
[EventDate "2014.01.02"]
[EventType "swiss"]
[EventRounds "9"]
[EventCountry "GER"]
[SourceTitle "CBM 158 Extra"]
[Source "ChessBase"]
[SourceDate "2014.02.28"]
[SourceVersion "1"]
[SourceVersionDate "2014.02.28"]
[SourceQuality "1"]

1. e4 Nf6 2. e5 Nd5 3. d4 d6 4. exd6 exd6 5. c4 Nb6 6. h3 Bf5 7. Nc3 Be7 8. Nf3 0-0 9. Be2 Nc6 10. 0-0 h6 11. Bf4 Bf6 12. Rc1 Re8 13. Re1 g5 14. Bg3 Bg7 15. Qd2 Qf6 16. Nb5 Re7 17. d5 Ne5 18. Nxe5 dxe5 19. c5 Nxd5 20. Qxd5 c6 21. Qd6 Re6 22. Qc7 Re7 23. Qd6 1/2-1/2

[Event "Staufer op 26th"]
[Site "Schwaebisch Gmuend"]
[Date "2014.01.05"]
[Round "8"]
[White "Schulze, Andreas"]
[Black "Zuehlke, Burkhard"]
[Result "1-0"]
[WhiteElo "2256"]
[BlackElo "2087"]
[PlyCount "81"]
[EventDate "2014.01.02"]
[EventType "swiss"]
[EventRounds "9"]
[EventCountry "GER"]
[SourceTitle "CBM 158 Extra"]
[Source "ChessBase"]
[SourceDate "2014.02.28"]
[SourceVersion "1"]
[SourceVersionDate "2014.02.28"]
[SourceQuality "1"]

1. e4 d6 2. d4 Nf6 3. Nc3 g6 4. Be3 c6 5. f3 b5 6. Qd2 Nbd7 7. a4 b4 8. Nd1 a5 9. Bd3 Bg7 10. c3 bxc3 11. bxc3 0-0 12. Ne2 e5 13. 0-0 Qc7 14. Nf2 Ba6 15. Bxa6 Rxa6 16. Nd3 Re8 17. Rab1 Raa8 18. Qa2 Rab8 19. dxe5 Nxe5 20. Nxe5 dxe5 21. Qc4 Nd7 22. Rxb8 Rxb8 23. Rd1 Bf8 24. h4 Nb6 25. Qa2 h5 26. f4 Bh6 27. g3 Re8 28. Rf1 Nd7 29. Kg2 Kg7 30. Qc4 Re7 31. Qd3 Kh7 32. f5 Bxe3 33. fxg6+ fxg6 34. Qxe3 Qd6 35. Qg5 Qe6 36. Ng1 Rg7 37. Nf3 Qa2+ 38. Kg1 Qxa4 39. Qd8 g5 40. Nxg5+ Kg6 41. Ne6 1-0

[Event "Oberliga Wuerttemberg 1112"]
[Site "Wuerttemberg"]
[Date "2011.12.11"]
[Round "4.5"]
[White "Schulze, Andreas"]
[Black "Manakov, Marina"]
[Result "1/2-1/2"]
[WhiteElo "2237"]
[BlackElo "2289"]
[PlyCount "100"]
[EventDate "2011.10.09"]
[EventType "team-tourn"]
[EventRounds "9"]
[EventCountry "GER"]
[SourceTitle "EXT 2019"]
[Source "ChessBase"]
[SourceDate "2018.10.10"]
[SourceVersion "1"]
[SourceVersionDate "2018.10.10"]
[SourceQuality "1"]
[WhiteTeam "Ulm Post"]
[BlackTeam "Deizisau"]
[WhiteTeamCountry "GER"]
[BlackTeamCountry "GER"]

1. e4 d5 2. exd5 Qxd5 3. Nc3 Qa5 4. d4 Nf6 5. Nf3 Bg4 6. h3 Bh5 7. Be2 Nc6 8. Bb5 Ne4 9. Bxc6+ bxc6 10. Bd2 Nxd2 11. Qxd2 Bxf3 12. gxf3 e6 13. Ne4 Qd5 14. Qe3 0-0-0 15. c3 Be7 16. Rg1 g6 17. f4 Rhe8 18. b4 f6 19. Qe2 Qb5 20. Qxb5 cxb5 21. a4 a5 22. axb5 axb4 23. Nc5 Bxc5 24. dxc5 bxc3 25. Rg3 Kd7 26. Rxc3 Rb8 27. b6 cxb6 28. c6+ Ke7 29. Ra7+ Kf8 30. Rxh7 Kg8 31. Rb7 Rec8 32. Re7 Kf8 33. Rxe6 Kf7 34. Rd6 Rc7 35. Re3 Re7 36. Rxe7+ Kxe7 37. Rd7+ Ke6 38. Rb7 Rc8 39. Rxb6 Kf5 40. Ke2 Kxf4 41. Rb4+ Ke5 42. Rc4 Kd5 43. Kd3 Rc7 44. Rg4 g5 45. Rd4+ Ke5 46. f4+ Ke6 47. Rc4 Kd5 48. fxg5 fxg5 49. Rg4 Rxc6 50. Rxg5+ Ke6 1/2-1/2

[Event "Oberliga Wuerttemberg 1112"]
[Site "Wuerttemberg"]
[Date "2011.11.13"]
[Round "3.6"]
[White "Schulze, Andreas"]
[Black "Junger, Ulrich"]
[Result "1-0"]
[WhiteElo "2237"]
[BlackElo "2071"]
[PlyCount "69"]
[EventDate "2011.10.09"]
[EventType "team-tourn"]
[EventRounds "9"]
[EventCountry "GER"]
[SourceTitle "EXT 2019"]
[Source "ChessBase"]
[SourceDate "2018.10.10"]
[SourceVersion "1"]
[SourceVersionDate "2018.10.10"]
[SourceQuality "1"]
[WhiteTeam "Ulm Post"]
[BlackTeam "Ebersbach"]
[WhiteTeamCountry "GER"]
[BlackTeamCountry "GER"]

1. e4 c5 2. Nf3 Nc6 3. Bb5 Nf6 4. e5 Ng4 5. Bxc6 dxc6 6. 0-0 Qc7 7. Re1 g6 8. d3 Bg7 9. Qe2 Be6 10. Bf4 h5 11. Nbd2 0-0-0 12. h3 Nh6 13. Ne4 Bd5 14. Nxc5 Bxf3 15. Qxf3 e6 16. c3 b6 17. Nb3 Nf5 18. d4 Bh6 19. Bxh6 Rxh6 20. a4 g5 21. a5 g4 22. Qd3 gxh3 23. Qa6+ Qb7 24. axb6 axb6 25. gxh3 Nh4 26. Nd2 c5 27. Rec1 Qxa6 28. Rxa6 Kb7 29. Rca1 cxd4 30. Nc4 Kc6 31. Rxb6+ Kd5 32. Rb4 Rg6+ 33. Kf1 Rc8 34. Nb6+ Ke4 35. Rxd4+ 1-0

[Event "Oberliga Wuerttemberg 1112"]
[Site "Wuerttemberg"]
[Date "2011.10.09"]
[Round "1.6"]
[White "Schulze, Andreas"]
[Black "Witke, Thomas"]
[Result "0-1"]
[WhiteElo "2237"]
[BlackElo "2276"]
[PlyCount "75"]
[EventDate "2011.10.09"]
[EventType "team-tourn"]
[EventRounds "9"]
[EventCountry "GER"]
[SourceTitle "EXT 2019"]
[Source "ChessBase"]
[SourceDate "2018.10.10"]
[SourceVersion "1"]
[SourceVersionDate "2018.10.10"]
[SourceQuality "1"]
[WhiteTeam "Ulm Post"]
[BlackTeam "Schmiden Cannstatt"]
[WhiteTeamCountry "GER"]
[BlackTeamCountry "GER"]

1. e4 c6 2. Nf3 d5 3. Nc3 Bg4 4. exd5 cxd5 5. Bb5+ Nc6 6. h3 Bxf3 7. Qxf3 Nf6 8. 0-0 e6 9. d4 Be7 10. Bxc6+ bxc6 11. Qd3 0-0 12. Bf4 Qa5 13. Rfe1 c5 14. dxc5 Qxc5 15. Be3 Qd6 16. Bd4 Rfc8 17. Qe3 a6 18. f4 Qb4 19. a3 Qxd4 20. Qxd4 Bc5 21. Ne2 Rab8 22. b3 Nh5 23. Qxc5 Rxc5 24. Rac1 Rbc8 25. c3 Nf6 26. Red1 Ne4 27. Rd3 Ra5 28. c4 Rxa3 29. cxd5 Rxc1+ 30. Nxc1 Ra1 31. Rd1 exd5 32. Kf1 Kf8 33. Re1 Rb1 34. Ke2 Nc5 35. Rd1 Ke7 36. b4 Ne4 37. Kf3 Kd6 38. Re1 0-1

[Event "Oberliga Wuerttemberg 1011"]
[Site "Wuerttemberg"]
[Date "2011.03.27"]
[Round "8"]
[White "Schulze, Andreas"]
[Black "Denisow, Jewgeny"]
[Result "1/2-1/2"]
[WhiteElo "2226"]
[BlackElo "2167"]
[PlyCount "100"]
[EventDate "2010.09.26"]
[EventType "team-tourn"]
[EventRounds "9"]
[EventCountry "GER"]
[SourceTitle "EXT 2019"]
[Source "ChessBase"]
[SourceDate "2018.10.10"]
[SourceVersion "1"]
[SourceVersionDate "2018.10.10"]
[SourceQuality "1"]
[WhiteTeam "Ulm Post"]
[BlackTeam "Schwaebisch Gmuend"]
[WhiteTeamCountry "GER"]
[BlackTeamCountry "GER"]

1. e4 d6 2. d4 Nf6 3. Nc3 g6 4. f3 Bg7 5. Be3 c6 6. a4 0-0 7. Qd2 Re8 8. Bc4 d5 9. exd5 Nxd5 10. Nxd5 cxd5 11. Ba2 Nc6 12. Ne2 Na5 13. 0-0 b6 14. Rae1 Ba6 15. b3 Rc8 16. Rf2 e6 17. c3 Nb7 18. Bb1 Nd6 19. Bd3 Bxd3 20. Qxd3 Nf5 21. Bd2 Bf6 22. g4 Nd6 23. Ng3 Bg5 24. Rfe2 Qf6 25. Kg2 Bxd2 26. Qxd2 b5 27. h4 bxa4 28. bxa4 Rc4 29. h5 Rec8 30. hxg6 hxg6 31. g5 Qg7 32. Qf4 Ne8 33. Rc1 Rxa4 34. Nf1 Rac4 35. Ne3 Rxd4 36. cxd4 Rxc1 37. Ng4 Rd1 38. Nh6+ Kf8 39. Rxe6 Rxd4 40. Rxe8+ Kxe8 41. Qb8+ Kd7 42. Qxa7+ Kc6 43. Nxf7 Rd2+ 44. Kg3 Qb2 45. Qa6+ Kc5 46. Qa5+ Kd4 47. Qa7+ Kc4 48. Qa6+ Kb4 49. Qb6+ Kc4 50. Qa6+ Kb4 1/2-1/2